|
|
|
|
| LEADER |
01411nam a2200361Ia 4500 |
| 001 |
EBC320647 |
| 003 |
MiAaPQ |
| 005 |
20200520144314.0 |
| 006 |
m o d | |
| 007 |
cr cn||||||||| |
| 008 |
000815s2007 enk s 000 0 eng d |
| 020 |
|
|
|z 9781846635540
|
| 035 |
|
|
|a (MiAaPQ)EBC320647
|
| 035 |
|
|
|a (Au-PeEL)EBL320647
|
| 035 |
|
|
|a (CaPaEBR)ebr10196382
|
| 035 |
|
|
|a (CaONFJC)MIL107911
|
| 035 |
|
|
|a (OCoLC)182549111
|
| 040 |
|
|
|a MiAaPQ
|c MiAaPQ
|d MiAaPQ
|
| 050 |
|
4 |
|a HF5415.1263
|b .B87 2007
|
| 245 |
0 |
0 |
|a Business to business services
|h [electronic resource] :
|b multiple markets and multi-disciplinary perspectives for the twenty-first century /
|c guest editors: Katherine Tyler, Mark Patton, Marco Mongiello and Derek Meyer.
|
| 260 |
|
|
|a Bradford, England :
|b Emerald Group Publishing,
|c c2007.
|
| 300 |
|
|
|a 97 p.
|
| 490 |
0 |
|
|a Journal of Services Marketing ;
|v 21, no. 5
|
| 533 |
|
|
|a Electronic reproduction. Ann Arbor, MI : ProQuest, 2015. Available via World Wide Web. Access may be limited to ProQuest affiliated libraries.
|
| 650 |
|
0 |
|a Industrial marketing.
|
| 650 |
|
0 |
|a Business enterprises.
|
| 655 |
|
4 |
|a Electronic books.
|
| 700 |
1 |
|
|a Tyler, Katherine.
|
| 700 |
1 |
|
|a Patton, Mark.
|
| 700 |
1 |
|
|a Mongiello, Marco.
|
| 700 |
1 |
|
|a Meyer, Derek.
|
| 710 |
2 |
|
|a ProQuest (Firm)
|
| 856 |
4 |
0 |
|u https://ebookcentral.proquest.com/lib/matrademy/detail.action?docID=320647
|z Click to View
|